Capitales sans les lettres de "Moroni" - Statistiques

Statistiques générales
  • Ce quiz a été pris 5 fois
  • Le résultat moyen est 4 sur 9
Statistiques - réponses
Continents Capitales % Correct
Asie Bagdad
60%
Asie Dacca
60%
Europe La Valette
60%
Europe Vaduz
60%
Afrique Abuja
40%
Asie Achgabat
40%
Europe Budapest
40%
Océanie Suva
40%
Afrique Lusaka
0%
Aucun quiz correspondant
Distribution des résultats
% des personnes avec chaque résultat
Percentile par nombre de réponses
Votre historique - résultats
Vous n’avez pas pris ce quiz